Algumas contribuicoes do feminismo a psicología social comunitária (Record no. 171011)
[ view plain ]
| 000 -CABECERA | |
|---|---|
| campo de control de longitud fija | 02065nab a2200313 a 4500 |
| 005 - FECHA Y HORA DE LA ÚLTIMA TRANSACCIÓN | |
| campo de control | 20210219162150.0 |
| 008 - ELEMENTOS DE LONGITUD FIJA--INFORMACIÓN GENERAL | |
| campo de control de longitud fija | 991125s1985 mx 000 0 spa u |
| 035 ## - NÚMERO DE CONTROL DEL SISTEMA | |
| Número de control de sistema | UPN01000198910 |
| 049 ## - COLECCIÓN | |
| Colección | ART-E |
| 100 1# - ASIENTO PRINCIPAL--NOMBRE PERSONAL | |
| Nombre de persona | Mayorga, Claudia |
| 100 1# - ASIENTO PRINCIPAL--NOMBRE PERSONAL | |
| Filiación | mayorga.claudia@gmail.com |
| 222 ## - TÍTULO CLAVE | |
| Título clave | ATHENEA DIGITAL: REVISTA DE PENSAMIENTO E INVESTIGACION SOCIAL |
| 245 ## - MENCIÓN DE TÍTULO | |
| Título | Algumas contribuicoes do feminismo a psicología social comunitária |
| 260 ## - PUBLICACIÓN, DISTRIBUCIÓN, ETC. | |
| Lugar de publicación, distribución, etc. | España |
| 300 ## - DESCRIPCIÓN FÍSICA | |
| Extensión | 221-236 |
| 362 0# - FECHAS DE PUBLICACIÓN Y/O DESIGNACIÓN SECUENCIAL | |
| Fecha de publicación y/o designación secuencial | 2014 Vol. 14, no. 1 |
| 336 ## - TIPO DE CONTENIDO | |
| Término de tipo de contenido | texto$2rdacontent |
| 337 ## - TIPO DE MEDIO | |
| Nombre/término del tipo de medio | computadora$2rdamedia |
| 338 ## - TIPO DE SOPORTE | |
| Nombre/término del tipo de soporte | recurso en linea$2rdacarrier |
| 520 3# - NOTA DE RESUMEN, ETC. | |
| Sumario, etc. | Neste artigo, analisamos as contribuições do debate feminista sobre interseccionalidade de categorias sociais para a psicologia social comunitária no Brasil. Esta se constituiu como campo teórico dedicado a analisar as desigualdades sociais que marcam as sociedades contemporâneas e a propor processos metodológicos de intervenção para problematização e transformação dessas realidades. Discutimos como a emergência de novos atores e demandas no espaço público, de forma distinta dos anos 1960/1970, tem exigido compreender as opressões a partir de sistemas de poder diversos, como os de gênero, de raça e de sexualidade. Conclui-se que a análise interseccional deve considerar diversos níveis de relação entre as categorias, o histórico diferenciado destas e os aspectos comuns dos distintos sistemas de poder, como naturalização das desigualdades, relação entre o público e o privado e relação entre igualdade e diferença. As análises baseadas na interseccionalidade podem contribuir para processos de intervenção social que considerem a complexidade das sociedades contemporâneas. |
| 546 ## - NOTA DE IDIOMA | |
| Nota de lengua/lenguaje | Texto en portugués |
| 653 0# - TERMINO DE INDIZACION - NO CONTROLADO | |
| Término no controlado | FEMINISMO |
| 653 0# - TERMINO DE INDIZACION - NO CONTROLADO | |
| Término no controlado | PSICOLOGIA SOCIAL COMUNITARIA |
| 653 0# - TERMINO DE INDIZACION - NO CONTROLADO | |
| Término no controlado | INTERVENCION SOCIAL |
| 653 0# - TERMINO DE INDIZACION - NO CONTROLADO | |
| Término no controlado | BRASIL |
| 856 4# - LOCALIZACIÓN Y ACCESO ELECTRÓNICOS | |
| Identificador Uniforme del Recurso | <a href="http://atheneadigital.net/article/view/v14-n1-mayorga/pdf">http://atheneadigital.net/article/view/v14-n1-mayorga/pdf</a> |
| 905 ## - TIPO DE MATERIAL | |
| Tipo de material | Articulo |
No items available.
